000 00585nam a2200169 a 4500
008 120416s1969 ||||||||||||||||| || u
020 _a0582645220
050 _aDT 21 Tho
100 _aThompson, Vincent Bakpetn
245 1 0 _aAfrica and unity
246 _athe evolution of Pan-Africanism
260 _aLondon
_bLongmans
_c1969.
300 _axxv, 412p. : ill.
350 _a0.00
650 _aPAN--AFRICANISM
995 _D0.00
_FCBU-MAIN LIBRARY (Kitwe)
_H1
_I11.75
_M1
_UAVAILABLE
_WAug 8, 2006
_ZMain Library Open Access Collection
999 _c33675
_d33675